The book of PF : (Record no. 1632)
[ view plain ]
| 000 -LEADER | |
|---|---|
| fixed length control field | 01672nam a2200373 i 4500 |
| 001 - CONTROL NUMBER | |
| control field | ebr10957157 |
| 003 - CONTROL NUMBER IDENTIFIER | |
| control field | CaPaEBR |
| 006 - FIXED-LENGTH DATA ELEMENTS--ADDITIONAL MATERIAL CHARACTERISTICS--GENERAL INFORMATION | |
| fixed length control field | m o d |
| 007 - PHYSICAL DESCRIPTION FIXED FIELD--GENERAL INFORMATION | |
| fixed length control field | cr cn||||||||| |
| 008 - FIXED-LENGTH DATA ELEMENTS--GENERAL INFORMATION | |
| fixed length control field | 141102t20152015cau ob 001 0 eng d |
| 020 ## - INTERNATIONAL STANDARD BOOK NUMBER | |
| Cancelled/invalid ISBN | 9781593275891 |
| International Standard Book Number | 9781593276218 (e-book) |
| 040 ## - CATALOGING SOURCE | |
| Original cataloging agency | CaPaEBR |
| Language of cataloging | eng |
| Description conventions | rda |
| -- | pn |
| Transcribing agency | CaPaEBR |
| 035 ## - SYSTEM CONTROL NUMBER | |
| System control number | (OCoLC)899046592 |
| 050 14 - LIBRARY OF CONGRESS CALL NUMBER | |
| Classification number | QA76.76.O63 |
| Item number | .H36 2015eb |
| 082 04 - DEWEY DECIMAL CLASSIFICATION NUMBER | |
| Classification number | 005.4469 |
| Edition number | 23 |
| 100 1# - MAIN ENTRY--PERSONAL NAME | |
| Personal name | Hansteen, Peter N. M., |
| Relator term | author. |
| 245 14 - TITLE STATEMENT | |
| Title | The book of PF : |
| Remainder of title | a no-nonsense guide to the OpenBSD firewall / |
| Statement of responsibility, etc | Peter N.M. Hansteen. |
| 250 ## - EDITION STATEMENT | |
| Edition statement | Third edition. |
| 264 #1 - PRODUCTION, PUBLICATION, DISTRIBUTION, MANUFACTURE, AND COPYRIGHT NOTICE | |
| Place of production, publication, distribution, manufacture | San Francisco, [California] : |
| Name of producer, publisher, distributor, manufacturer | No Starch Press, |
| Date of production, publication, distribution, manufacture, or copyright notice | 2015. |
| Date of production, publication, distribution, manufacture, or copyright notice | �2015 |
| 300 ## - PHYSICAL DESCRIPTION | |
| Extent | 1 online resource (250 pages) |
| 336 ## - CONTENT TYPE | |
| Content type term | text |
| Source | rdacontent |
| 337 ## - MEDIA TYPE | |
| Media type term | computer |
| Source | rdamedia |
| 338 ## - CARRIER TYPE | |
| Carrier type term | online resource |
| Source | rdacarrier |
| 504 ## - BIBLIOGRAPHY, ETC. NOTE | |
| Bibliography, etc | Includes bibliographical references and index. |
| 588 ## - SOURCE OF DESCRIPTION NOTE | |
| Source of description note | Description based on online resource; title from PDF title page (ebrary, viewed October 28, 2014). |
| 590 ## - LOCAL NOTE (RLIN) | |
| Local note | Electronic reproduction. Palo Alto, Calif. : ebrary, 2014. Available via World Wide Web. Access may be limited to ebrary affiliated libraries. |
| 630 00 - SUBJECT ADDED ENTRY--UNIFORM TITLE | |
| Uniform title | OpenBSD (Electronic resource) |
| 655 #0 - INDEX TERM--GENRE/FORM | |
| Genre/form data or focus term | Electronic books. |
| 776 08 - ADDITIONAL PHYSICAL FORM ENTRY | |
| Display text | Print version: |
| Main entry heading | Hansteen, Peter N. M. |
| Title | Book of PF : a no-nonsense guide to the OpenBSD firewall. |
| Edition | Third edition. |
| Place, publisher, and date of publication | San Francisco, [California] : No Starch Press, c2015 |
| Physical description | xviii, 221 pages |
| International Standard Book Number | 9781593275891 |
| Record control number | 2011289329 |
| 797 2# - LOCAL ADDED ENTRY--CORPORATE NAME (RLIN) | |
| Corporate name or jurisdiction name as entry element | ebrary. |
| 856 40 - ELECTRONIC LOCATION AND ACCESS | |
| Uniform Resource Identifier | <a href="http://site.ebrary.com/lib/rucke/Doc?id=10957157">http://site.ebrary.com/lib/rucke/Doc?id=10957157</a> |
| Public note | An electronic book accessible through the World Wide Web; click to view |
No items available.
